000 00213nam a2200097Ia 4500
005 20251222114404.0
008 251222s1900||||xx |||||||||||||| ||spa||
082 _aDVD0060/D48/2010
245 0 _aMammuth:
942 _cDVD
999 _c1761
_d1761